[Event "Catalunya-chT Gp2"]
[Site "Barcelona"]
[Date "2024.02.17"]
[Round "5.9"]
[White "Obon Temprano, Sergi"]
[Black "Pares Vives, Natalia"]
[Result "1-0"]
[WhiteElo "2194"]
[BlackElo "2146"]
[PlyCount "141"]
[EventDate "2024.01.20"]
[EventType "team-tourn"]
[EventRounds "7"]
[EventCountry "ESP"]
[SourceTitle "CB11_2024"]
[SourceDate "2024.03.13"]
[SourceVersion "1"]
[SourceVersionDate "2024.03.13"]
[SourceQuality "1"]
[WhiteTeam "Barbera"]
[BlackTeam "Platja D'Aro"]
[WhiteTeamCountry "ESP"]
[BlackTeamCountry "ESP"]

1. Nf3 d6 2. c4 g6 3. Nc3 Bg7 4. g3 e5 5. Bg2 Ne7 6. 0-0 0-0 7. Rb1 d5 8. cxd5 Nxd5 9. d3 Nc6 10. Nxe5 Nxc3 11. Nxc6 Nxe2+ 12. Qxe2 bxc6 13. Bxc6 Bh3 14. Rd1 Rb8 15. Be3 Qd6 16. Bf3 Bd4 17. Bxd4 Qxd4 18. Qe4 Rfd8 19. Qxd4 Rxd4 20. b3 Rbd8 21. Be2 Bf5 22. Rbc1 Re8 23. Bf1 Re7 24. Re1 Rxe1 25. Rxe1 Kf8 26. Rc1 Rd7 27. Kg2 Ke7 28. Rc3 Kd8 29. f4 h5 30. Kf2 Rd6 31. Ke3 Re6+ 32. Kd2 Ra6 33. Rc2 f6 34. Be2 Kc8 35. Bf3 Rd6 36. Rc3 Ra6 37. a4 Rd6 38. Ke3 Be6 39. b4 Bd7 40. b5 a6 41. Bc6 axb5 42. axb5 Kd8 43. d4 Re6+ 44. Kd3 Rd6 45. Rc5 Bf5+ 46. Be4 Bxe4+ 47. Kxe4 Re6+ 48. Kd3 Rb6 49. Kc4 Kd7 50. d5 Rb8 51. Rc6 Rf8 52. Kc5 Rf7 53. b6 cxb6+ 54. Rxb6 Kc8 55. Kd6 Ra7 56. Rb2 f5 57. Ke6 Ra3 58. Rd2 h4 59. gxh4 Rh3 60. d6 Re3+ 61. Kf6 Rh3 62. Kxg6 Rxh4 63. Kxf5 Kd7 64. Kg5 Rh8 65. f5 Rg8+ 66. Kf6 Rg4 67. Kf7 Rh4 68. f6 Rg4 69. Kf8 Rg6 70. f7 Rg4 71. h3 1-0

[Event "ESP-ch 88th"]
[Site "Marbella"]
[Date "2023.10.14"]
[Round "2"]
[White "Buijs Martin, Urtzi"]
[Black "Pares Vives, Natalia"]
[Result "0-1"]
[WhiteElo "2030"]
[BlackElo "2175"]
[PlyCount "98"]
[EventDate "2023.10.13"]
[EventType "swiss"]
[EventRounds "9"]
[EventCountry "ESP"]
[SourceTitle "Mega2024 Update 01"]
[Source "Chessbase"]
[SourceDate "2023.11.12"]
[SourceVersion "1"]
[SourceVersionDate "2023.11.12"]
[SourceQuality "1"]

1. e4 c5 2. c3 e6 3. d4 d5 4. exd5 exd5 5. Bb5+ Nc6 6. Nf3 Bd6 7. dxc5 Bxc5 8. 0-0 Nge7 9. Nbd2 0-0 10. Nb3 Bd6 11. Be3 Bg4 12. h3 Bh5 13. Bd3 Ne5 14. Bxh7+ Kh8 15. g4 Nxg4 16. hxg4 Qd7 17. Bf5 Nxf5 18. gxh5 Nh6 19. Re1 Rae8 20. Nbd2 Qh3 21. Ng5 Qh2+ 22. Kf1 Qh1+ 23. Ke2 Qxh5+ 24. Ngf3 d4 25. Rh1 Qb5+ 26. c4 Qb6 27. Nxd4 Qxd4 28. Qc2 Qg4+ 29. Nf3 Rxe3+ 30. fxe3 Qg2+ 31. Kd3 Qxf3 32. Raf1 Qc6 33. Qf2 Be5 34. b3 Rd8+ 35. Kc2 Qe4+ 36. Kc1 Qd3 37. Qc2 Qxe3+ 38. Kb1 Rd2 39. Re1 Qd4 40. Rxe5 Rxc2 41. Re8+ Kh7 42. Kxc2 Qf2+ 43. Kb1 f5 44. Rhe1 f4 45. R8e2 Qd4 46. Kc2 f3 47. Rd2 Qf6 48. Rf1 Ng4 49. Rh1+ Kg8 0-1

[Event "ESP-ch 88th"]
[Site "Marbella"]
[Date "2023.10.13"]
[Round "1"]
[White "Pares Vives, Natalia"]
[Black "Pulvett Marin, Daniel Eduardo"]
[Result "0-1"]
[WhiteElo "2175"]
[BlackElo "2496"]
[PlyCount "70"]
[EventDate "2023.10.13"]
[EventType "swiss"]
[EventRounds "9"]
[EventCountry "ESP"]
[SourceTitle "Mega2024 Update 01"]
[Source "Chessbase"]
[SourceDate "2023.11.12"]
[SourceVersion "1"]
[SourceVersionDate "2023.11.12"]
[SourceQuality "1"]

1. d4 Nf6 2. c4 g6 3. Nc3 Bg7 4. e4 d6 5. Nf3 0-0 6. h3 e5 7. d5 a5 8. Bg5 Na6 9. Bd3 Qe8 10. g4 Nd7 11. Qd2 Ndc5 12. Be2 a4 13. Bh6 Qe7 14. Rg1 Bd7 15. Bxg7 Kxg7 16. h4 Kh8 17. h5 gxh5 18. gxh5 f5 19. Qg5 Rae8 20. h6 Qxg5 21. Nxg5 Rf6 22. Bh5 Ref8 23. 0-0-0 Nb4 24. Rg3 f4 25. Rg2 Nbd3+ 26. Kc2 f3 27. Rg3 Nf4 28. Bxf3 Rxh6 29. Rdg1 Rg6 30. Rh1 h6 31. Ne6 Bxe6 32. dxe6 Ncxe6 33. Nd5 Rxg3 34. fxg3 Nd4+ 35. Kc3 Nxd5+ 0-1

[Event "Platja d'Aro op 9th"]
[Site "Platja d'Aro"]
[Date "2022.12.27"]
[Round "2"]
[White "Vila I Bague, Arnau"]
[Black "Pares Vives, Natalia"]
[Result "1/2-1/2"]
[WhiteElo "1824"]
[BlackElo "2213"]
[PlyCount "84"]
[EventDate "2022.12.26"]
[EventType "swiss"]
[EventRounds "9"]
[EventCountry "ESP"]
[SourceTitle "CBM 211 Extra"]
[Source "ChessBase"]
[SourceDate "2023.01.31"]
[SourceVersion "1"]
[SourceVersionDate "2023.01.31"]
[SourceQuality "1"]

1. e4 c5 2. Nf3 e6 3. d4 cxd4 4. Nxd4 Nf6 5. Nc3 d6 6. Be2 Be7 7. 0-0 0-0 8. f4 Nc6 9. Be3 a6 10. Qe1 Nxd4 11. Bxd4 b5 12. Bf3 Bb7 13. Rd1 Nd7 14. Qg3 g6 15. e5 Bxf3 16. Rxf3 Rc8 17. exd6 Bxd6 18. Ne4 Be7 19. Rfd3 Rxc2 20. Bf2 Rc7 21. Bb6 Nxb6 22. Rxd8 Rxd8 23. Rxd8+ Bxd8 24. h3 Nd5 25. Qd3 Rc4 26. g3 Bb6+ 27. Kh2 Kg7 28. Nc3 Nxc3 29. bxc3 Ba5 30. Qd6 Bxc3 31. Qxa6 Rb4 32. Kg2 Bd4 33. Kf3 Rb2 34. Ke4 Bc3 35. Qc6 b4 36. Qc4 Rd2 37. Ke3 Rg2 38. Kf3 Rc2 39. Qb3 Rb2 40. Qc4 Bf6 41. Ke4 h6 42. Kf3 Rb1 1/2-1/2

[Event "Catalunya-ch (Women)"]
[Site "Llinars del Valles"]
[Date "2022.10.29"]
[Round "3"]
[White "Vinolas Anglada, Laura"]
[Black "Pares Vives, Natalia"]
[Result "0-1"]
[WhiteElo "1847"]
[BlackElo "2260"]
[PlyCount "74"]
[EventDate "2022.10.28"]
[EventType "tourn"]
[EventRounds "7"]
[EventCountry "ESP"]
[SourceTitle "EXT 2024"]
[Source "ChessBase"]
[SourceDate "2023.10.10"]
[SourceVersion "1"]
[SourceVersionDate "2023.10.10"]
[SourceQuality "1"]

1. e4 c5 2. Nf3 Nc6 3. d4 cxd4 4. Nxd4 Nf6 5. Nc3 d6 6. Be2 e6 7. 0-0 Be7 8. Be3 a6 9. f4 0-0 10. Qe1 Nxd4 11. Bxd4 b5 12. Bf3 Bb7 13. Rd1 b4 14. Na4 Qa5 15. Nb6 Rad8 16. a3 d5 17. axb4 Bxb4 18. c3 Bc5 19. e5 Ne4 20. Nc4 Qb5 21. Ne3 Bxd4 22. Rxd4 a5 23. Qc1 Qb6 24. Qc2 Rc8 25. Rfd1 f5 26. exf6 Rxf6 27. g3 e5 28. R4d3 exf4 29. gxf4 Rxf4 30. Rf1 Rcf8 31. Bg2 Rxf1+ 32. Bxf1 Rf2 33. Qa4 Qg6+ 34. Ng2 Ba6 35. Qd7 Rxf1+ 36. Kxf1 Bxd3+ 37. Ke1 Nf6 0-1

[Event "Catalunya-chT Gp2"]
[Site "Barcelona"]
[Date "2022.03.19"]
[Round "9"]
[White "Pares Vives, Natalia"]
[Black "Tallo Dominguez, Imar"]
[Result "1/2-1/2"]
[WhiteElo "2270"]
[BlackElo "2242"]
[PlyCount "125"]
[EventDate "2022.01.22"]
[EventType "team-tourn"]
[EventRounds "9"]
[EventCountry "ESP"]
[SourceTitle "EXT 2023"]
[Source "ChessBase"]
[SourceDate "2022.10.05"]
[SourceVersion "1"]
[SourceVersionDate "2022.10.05"]
[SourceQuality "1"]
[WhiteTeam "Platja D'Aro"]
[BlackTeam "Colon Ateneu"]
[WhiteTeamCountry "ESP"]
[BlackTeamCountry "ESP"]

1. Nf3 Nf6 2. g3 d5 3. c4 e6 4. Bg2 d4 5. 0-0 c5 6. d3 Nc6 7. e3 Bd6 8. a3 a5 9. exd4 cxd4 10. b3 0-0 11. Qc2 h6 12. Nbd2 e5 13. Re1 Re8 14. c5 Bc7 15. Bb2 Bf5 16. Rad1 Rc8 17. Ne4 Nxe4 18. dxe4 Be6 19. Bf1 Bb8 20. Rc1 Ba7 21. Bb5 Qf6 22. Qd3 Red8 23. Rc2 Bxb3 24. Qxb3 d3 25. Bxd3 Qxf3 26. Bc4 Qxb3 27. Bxb3 Nd4 28. Bxd4 exd4 29. Bd5 Rxc5 30. Rec1 Rdc8 31. Rxc5 Rxc5 32. Rxc5 Bxc5 33. a4 b6 34. Bc4 Kf8 35. Kf1 f6 36. Ke2 Ke7 37. Kd3 g5 38. Bb3 Kd6 39. f4 gxf4 40. gxf4 Kc6 41. Bd5+ Kd6 42. Bc4 Ke7 43. Bb5 Bd6 44. Kxd4 Bxf4 45. h4 Kd6 46. Be2 Bg3 47. h5 Bf2+ 48. Kd3 Kc5 49. Bg4 b5 50. axb5 Kxb5 51. Kc3 Be1+ 52. Kb3 a4+ 53. Ka3 Bb4+ 54. Ka2 Bd6 55. Bd7+ Kb4 56. Be6 Kc3 57. Bd7 a3 58. Bf5 Kd4 59. Bg6 Ke5 60. Kb3 Kf4 61. Bf5 Kg5 62. Bg6 Kf4 63. Bf5 1/2-1/2

[Event "Catalunya-chT Gp2"]
[Site "Barcelona"]
[Date "2022.03.12"]
[Round "8.4"]
[White "Vehi Bach, Victor Manuel"]
[Black "Pares Vives, Natalia"]
[Result "1-0"]
[WhiteElo "2294"]
[BlackElo "2270"]
[PlyCount "117"]
[EventDate "2022.01.22"]
[EventType "team-tourn"]
[EventRounds "9"]
[EventCountry "ESP"]
[SourceTitle "CBM 208 Extra"]
[Source "ChessBase"]
[SourceDate "2022.07.31"]
[SourceVersion "1"]
[SourceVersionDate "2022.07.31"]
[SourceQuality "1"]
[WhiteTeam "Valls"]
[BlackTeam "Platja D'Aro"]
[WhiteTeamCountry "ESP"]
[BlackTeamCountry "ESP"]

1. e4 c5 2. Nf3 e6 3. d4 cxd4 4. Nxd4 Nf6 5. Nc3 d6 6. Be3 Nc6 7. Qd2 Be7 8. f3 0-0 9. g4 a6 10. 0-0-0 Nxd4 11. Bxd4 b5 12. Kb1 b4 13. Na4 Rb8 14. Qf2 Bb7 15. Ba7 Ra8 16. Be3 Qc7 17. Bd3 a5 18. h4 d5 19. Nb6 dxe4 20. Nxa8 Rxa8 21. Bb6 Qc8 22. fxe4 Nxe4 23. Bxe4 Bxe4 24. Rhf1 f5 25. gxf5 exf5 26. Bd4 a4 27. Qg3 Bf8 28. Rf2 Qb7 29. b3 axb3 30. axb3 Rc8 31. Bb2 Qc6 32. Rdd2 Qe6 33. Rfe2 Rc3 34. Qb8 Rh3 35. Rd1 Rxh4 36. Rg1 g6 37. Qd8 Rh3 38. Qd4 Kf7 39. Rf1 Rh4 40. Qd8 Qe7 41. Qc8 Qc5 42. Qd8 Qe7 43. Qc8 Qd6 44. Qc4+ Qe6 45. Qc7+ Be7 46. Qb8 Qc6 47. Qh8 Bf6 48. Bxf6 Qxf6 49. Qc8 Qd4 50. Qc7+ Kf6 51. Qc8 Kg7 52. Qc7+ Kh6 53. Qg3 g5 54. Qb8 Rh3 55. Qf8+ Kg6 56. Qg8+ Qg7 57. Qe6+ Qf6 58. Qxf6+ Kxf6 59. Rxe4 1-0

[Event "Catalunya-chT Gp2"]
[Site "Barcelona"]
[Date "2022.01.22"]
[Round "1.5"]
[White "Pares Vives, Natalia"]
[Black "Garcia Ramos, Daniel"]
[Result "0-1"]
[WhiteElo "2270"]
[BlackElo "2438"]
[PlyCount "78"]
[EventDate "2022.01.22"]
[EventType "team-tourn"]
[EventRounds "9"]
[EventCountry "ESP"]
[SourceTitle "CBM 206 Extra"]
[Source "ChessBase"]
[SourceDate "2022.03.31"]
[SourceVersion "1"]
[SourceVersionDate "2022.03.31"]
[SourceQuality "1"]
[WhiteTeam "Platja D'Aro"]
[BlackTeam "Colon Sabadell"]
[WhiteTeamCountry "ESP"]
[BlackTeamCountry "ESP"]

1. Nf3 d5 2. c4 e6 3. g3 Nf6 4. Bg2 d4 5. 0-0 c5 6. d3 Nc6 7. e3 Bd6 8. exd4 cxd4 9. a3 a5 10. Bg5 h6 11. Bxf6 Qxf6 12. Nbd2 Qd8 13. Qc2 0-0 14. Rfe1 Re8 15. c5 Bf8 16. Qc4 a4 17. Ne5 Nxe5 18. Rxe5 Qc7 19. Ree1 Bd7 20. Qxd4 Bb5 21. Rac1 Red8 22. Qb4 Bc6 23. d4 Bxg2 24. Kxg2 Qc6+ 25. Kg1 g6 26. Ne4 Bg7 27. Nd6 b6 28. Qc4 Rab8 29. Re2 bxc5 30. dxc5 Bxb2 31. Qf4 Rd7 32. Rxb2 Rxb2 33. Qf6 Rb8 34. Qe5 Rbd8 35. Rd1 Qf3 36. Rd4 Rb8 37. Rb4 Rxb4 38. axb4 a3 39. c6 Qxc6 0-1